Z doswiadczen przedsiebiorstw.

Poľské skúsenosti s privatizáciou. Huta skla v Krosne sa premenila na akciovú spoločnosť - zrušila dividendy, pokles výroby a vývozu. Továreň na valivé ložiská v Kielcach prepustila z práce 1200 ľudí - kritériá prepúšťania. V Hute Czestoschowa zaviedli počítačový systém na zlepšenie kádrových inform...

ver descrição completa

Na minha lista:
Detalhes bibliográficos
Formato: Capítulo de Livro
Idioma:polonês
Assuntos:
Tags: Adicionar Tag
Sem tags, seja o primeiro a adicionar uma tag!

MARC

LEADER 00000naa a2200000 4500
001 r004986
005 20221125122704.4
041 0 |a pol 
044 |a PL 
245 1 0 |a Z doswiadczen przedsiebiorstw. 
520 |a Poľské skúsenosti s privatizáciou. Huta skla v Krosne sa premenila na akciovú spoločnosť - zrušila dividendy, pokles výroby a vývozu. Továreň na valivé ložiská v Kielcach prepustila z práce 1200 ľudí - kritériá prepúšťania. V Hute Czestoschowa zaviedli počítačový systém na zlepšenie kádrových informácií. 
610 2 0 |a privatizácia 
610 2 0 |a podnik 
610 2 0 |a PR 
610 2 0 |a spoločnosti akciové